[Event "Madrid ch Veteranos 2324"]
[Site "Madrid ESP"]
[Date "2024.03.12"]
[Round "2.29"]
[White "Serrano Garcia, Vicente"]
[Black "Martinez Miura, Enrique"]
[Result "0-1"]
[WhiteElo "1836"]
[BlackElo "1696"]
[PlyCount "54"]
[EventDate "2024.03.11"]
[EventType "swiss"]
[EventRounds "9"]
[EventCountry "ESP"]
[SourceTitle "Ajedrez en Madrid"]
[Source "lmi"]
[SourceDate "2024.03.11"]
[SourceVersion "1"]
[SourceVersionDate "2024.03.23"]
[SourceQuality "1"]

1. d4 d5 2. Nf3 Nf6 3. Bf4 e6 4. e3 Be7 5. h3 Nbd7 6. Bd3 c5 7. c3 b6 8. Nbd2
Bb7 9. O-O O-O 10. Ne5 Nxe5 11. dxe5 Nd7 12. Qg4 Re8 13. Bh6 Bf8 14. f4 f5 15.
Qg3 Kh8 16. Bg5 Be7 17. Nf3 c4 18. Bc2 Nc5 19. Rad1 Bxg5 20. Nxg5 Qe7 21. Qh4
g6 22. g4 Rg8 23. Kh2 Rg7 24. Rg1 Rd8 25. gxf5 gxf5 26. Qh6 Rg6 27. Nxh7 Rxh6
0-1

[Event "Madrid ch Veteranos 2324"]
[Site "Madrid ESP"]
[Date "2024.03.12"]
[Round "2.30"]
[White "Ortega Molina, Tomas"]
[Black "Barahona Torrijos, Angel"]
[Result "1/2-1/2"]
[WhiteElo "1716"]
[BlackElo "1833"]
[PlyCount "178"]
[EventDate "2024.03.11"]
[EventType "swiss"]
[EventRounds "9"]
[EventCountry "ESP"]
[SourceTitle "Ajedrez en Madrid"]
[Source "lmi"]
[SourceDate "2024.03.11"]
[SourceVersion "1"]
[SourceVersionDate "2024.03.23"]
[SourceQuality "1"]

1. d4 d5 2. c4 e6 3. Nc3 Nf6 4. Bg5 c5 5. e3 cxd4 6. exd4 Be7 7. Nf3 Nc6 8.
cxd5 Nxd5 9. Bxe7 Ncxe7 10. Bc4 O-O 11. O-O b6 12. Qb3 Bb7 13. a4 Nf4 14. Ne2
Neg6 15. Rad1 Qf6 16. Qe3 Nxg2 17. Kxg2 Nh4+ 18. Kh3 Nxf3 19. d5 Qh4+ 20. Kg2
Qxc4 21. Kxf3 Bxd5+ 22. Kg3 Rac8 23. Rd4 Qc2 24. h4 Bc4 25. Rd2 Qg6+ 26. Kh2
Qh5 27. Kh3 Bxe2 28. Rxe2 Rc4 29. f4 Rxa4 30. Rg2 Qf5+ 31. Kh2 Rd8 32. Qf3 g6
33. h5 Rd3 34. Qa8+ Kg7 35. h6+ Kxh6 36. Qf8+ Kh5 37. Rg5+ Qxg5 38. fxg5 Rh4+
39. Kg2 Rg4+ 40. Kf2 Kxg5 41. Qe7+ f6 42. Ke2 Rh3 43. Qxf6+ Kh5 44. Qxe6 Rh2+
45. Rf2 Rxf2+ 46. Kxf2 h6 47. Kf3 Rb4 48. Qe5+ g5 49. Qe8+ Kh4 50. Qh8 h5 51.
Qe5 Rf4+ 52. Kg2 a5 53. Qe1+ Kg4 54. Qg3+ Kf5 55. Qd3+ Ke5 56. Qb5+ Ke4 57.
Qxb6 h4 58. Qxa5 g4 59. Qe1+ Kd3 60. Qxh4 Kc2 61. Qg5 Rb4 62. Qc5+ Kb3 63. Qc3+
Ka4 64. Qa3+ Kb5 65. b3 Rd4 66. Qb2 Re4 67. Qd2 Rb4 68. Qd5+ Kb6 69. Kg3 Rb5
70. Qd6+ Ka5 71. Qa3+ Kb6 72. Kxg4 Kc6 73. b4 Kd5 74. Qc3 Kd6 75. Kf4 Rd5 76.
Qf6+ Kc7 77. Ke4 Rd7 78. b5 Kb8 79. b6 Kb7 80. Qe6 Rh7 81. Kd4 Rh4+ 82. Kc5
Rh5+ 83. Kd6 Rb5 84. Qd7+ Kxb6 85. Qc7+ Ka6 86. Qc4 Ka5 87. Kc6 Rb6+ 88. Kc7
Rb7+ 89. Kc8 Rb5 1/2-1/2

[Event "Madrid ch Veteranos 2324"]
[Site "Madrid ESP"]
[Date "2024.03.12"]
[Round "2.31"]
[White "Gimenez Buiza, Fernando"]
[Black "Hortelano Hap, Ramon"]
[Result "1-0"]
[WhiteElo "1824"]
[BlackElo "1680"]
[PlyCount "77"]
[EventDate "2024.03.11"]
[EventType "swiss"]
[EventRounds "9"]
[EventCountry "ESP"]
[SourceTitle "Ajedrez en Madrid"]
[Source "lmi"]
[SourceDate "2024.03.11"]
[SourceVersion "1"]
[SourceVersionDate "2024.03.23"]
[SourceQuality "1"]

1. d4 Nf6 2. Nc3 d5 3. Bf4 a6 4. e3 h6 5. Bd3 Nc6 6. a3 e6 7. Nf3 Nh5 8. Be5
Nxe5 9. Nxe5 Nf6 10. Ne2 Bd6 11. Ng3 c5 12. c3 O-O 13. f4 c4 14. Bc2 b5 15. O-O
Bb7 16. Nh5 Bxe5 17. fxe5 Nxh5 18. Qxh5 Qg5 19. Qe2 Bc6 20. Rf4 h5 21. Raf1 Be8
22. R1f3 h4 23. Qf2 f5 24. exf6 Bh5 25. fxg7 Rxf4 26. Rxf4 Kxg7 27. Qxh4 Qxh4
28. Rxh4 Rh8 29. g4 Bf7 30. Rxh8 Kxh8 31. Kf2 Kg7 32. Kf3 Kf6 33. Kf4 Be8 34.
h4 Bf7 35. h5 Be8 36. g5+ Kg7 37. h6+ Kh8 38. Ke5 a5 39. Kxe6 1-0

[Event "Madrid ch Veteranos 2324"]
[Site "Madrid ESP"]
[Date "2024.03.12"]
[Round "2.32"]
[White "Perez Pascual, Arturo"]
[Black "Lopez Heras, Arturo"]
[Result "0-1"]
[WhiteElo "1710"]
[BlackElo "1814"]
[PlyCount "106"]
[EventDate "2024.03.11"]
[EventType "swiss"]
[EventRounds "9"]
[EventCountry "ESP"]
[SourceTitle "Ajedrez en Madrid"]
[Source "lmi"]
[SourceDate "2024.03.11"]
[SourceVersion "1"]
[SourceVersionDate "2024.03.23"]
[SourceQuality "1"]

1. e4 c5 2. Nf3 g6 3. d4 cxd4 4. Nxd4 Bg7 5. Nc3 Nc6 6. Be3 d6 7. f4 Nf6 8. Be2
O-O 9. Qd2 Ng4 10. Bg1 Nxd4 11. Bxd4 e5 12. Bg1 exf4 13. Bxg4 Bxg4 14. h3 Be6
15. O-O-O Qa5 16. Bd4 Be5 17. Kb1 Rac8 18. Nd5 Qxd2 19. Ne7+ Kg7 20. Rxd2 Rc7
21. Nd5 Bxd5 22. exd5 Bxd4 23. Rxd4 Rfc8 24. c3 Rc4 25. Rhd1 b5 26. Kc2 Kf6 27.
Kd3 Kf5 28. Rf1 Rxd4+ 29. cxd4 Re8 30. Rf3 h5 31. g3 g5 32. gxf4 gxf4 33. Kd2
Rb8 34. Ra3 Ra8 35. Ra6 Ke4 36. Rxd6 Kxd4 37. Rf6 Kxd5 38. Rxf4 Ke6 39. Rh4
Rd8+ 40. Ke3 Rd5 41. Rf4 Rg5 42. Kd4 Rd5+ 43. Kc3 a5 44. a3 f6 45. Rh4 Kf7 46.
Re4 Re5 47. Rh4 Kg6 48. Kd3 Rd5+ 49. Kc3 f5 50. a4 Kg5 51. Rd4 Rxd4 52. Kxd4
bxa4 53. Ke5 Kh4 0-1

[Event "Madrid ch Veteranos 2324"]
[Site "Madrid ESP"]
[Date "2024.03.12"]
[Round "2.33"]
[White "Lobato Palomo, Manuel Angel"]
[Black "Calle Trueba, Jose Antonio"]
[Result "1-0"]
[WhiteElo "1804"]
[BlackElo "1646"]
[PlyCount "59"]
[EventDate "2024.03.11"]
[EventType "swiss"]
[EventRounds "9"]
[EventCountry "ESP"]
[SourceTitle "Ajedrez en Madrid"]
[Source "lmi"]
[SourceDate "2024.03.11"]
[SourceVersion "1"]
[SourceVersionDate "2024.03.23"]
[SourceQuality "1"]

1. d4 d5 2. Bf4 Nf6 3. Nc3 a6 4. e3 e6 5. a3 Bd6 6. Bxd6 Qxd6 7. Nf3 O-O 8. Bd3
Nbd7 9. Qd2 c5 10. dxc5 Nxc5 11. O-O-O b5 12. Na2 Bd7 13. Rhe1 Rfc8 14. Kb1
Nce4 15. Qe2 Qb8 16. Nd2 Bc6 17. Bxe4 dxe4 18. g4 Bd5 19. Nb4 a5 20. Nxd5 Nxd5
21. Nxe4 a4 22. c3 Qb6 23. Rd4 Qc6 24. Qd3 Rd8 25. Ng5 g6 26. e4 e5 27. Rxd5
Rxd5 28. Qxd5 Qe8 29. Rd1 h6 30. Nf3 1-0

[Event "Madrid ch Veteranos 2324"]
[Site "Madrid ESP"]
[Date "2024.03.12"]
[Round "2.34"]
[White "Menendez Domens, Juan Manuel"]
[Black "Perez Hernandez, Alfonso"]
[Result "0-1"]
[WhiteElo "1651"]
[BlackElo "1795"]
[PlyCount "80"]
[EventDate "2024.03.11"]
[EventType "swiss"]
[EventRounds "9"]
[EventCountry "ESP"]
[SourceTitle "Ajedrez en Madrid"]
[Source "lmi"]
[SourceDate "2024.03.11"]
[SourceVersion "1"]
[SourceVersionDate "2024.03.23"]
[SourceQuality "1"]

1. d4 Nf6 2. Nf3 c5 3. c3 d5 4. e3 g6 5. Bd3 Bg7 6. O-O O-O 7. Re1 b6 8. Nbd2
Bb7 9. Qe2 cxd4 10. exd4 e6 11. Nf1 Nc6 12. Bg5 Rc8 13. Qd2 Qc7 14. Bh6 Na5 15.
Bxg7 Kxg7 16. Ng5 Nc4 17. Qc1 Nd6 18. Rxe6 Nde4 19. Bxe4 Nxe4 20. Re5 h6 21.
Nxe4 dxe4 22. Rb5 a6 23. Rb3 f5 24. c4 f4 25. Qc3 Kh7 26. d5 Rce8 27. Re1 Qc5
28. Kh1 Qxf2 29. Qd2 Qxd2 30. Nxd2 e3 31. Nf3 g5 32. Rxb6 Bc8 33. d6 g4 34. Ng1
f3 35. gxf3 gxf3 36. Nxf3 Rxf3 37. Rb3 Bd7 38. c5 Bc6 39. h4 Rf2+ 40. Kg1 Rg8#
0-1

[Event "Madrid ch Veteranos 2324"]
[Site "Madrid ESP"]
[Date "2024.03.12"]
[Round "2.35"]
[White "Saflekos, Apostolos"]
[Black "Montero Montero, Juan Jose"]
[Result "1-0"]
[WhiteElo "1639"]
[BlackElo "1779"]
[PlyCount "49"]
[EventDate "2024.03.11"]
[EventType "swiss"]
[EventRounds "9"]
[EventCountry "ESP"]
[SourceTitle "Ajedrez en Madrid"]
[Source "lmi"]
[SourceDate "2024.03.11"]
[SourceVersion "1"]
[SourceVersionDate "2024.03.23"]
[SourceQuality "1"]

1. e4 Nf6 2. e5 Nd5 3. d4 d6 4. c4 Nb6 5. Nc3 Nc6 6. Nf3 Bg4 7. Be2 Bxf3 8.
Bxf3 Nxc4 9. Bxc6+ bxc6 10. Qa4 Nb6 11. Qxc6+ Qd7 12. Qxd7+ Kxd7 13. b3 e6 14.
O-O d5 15. a4 Bb4 16. Bb2 a5 17. Rac1 Nc8 18. Nb5 c6 19. Na3 Rb8 20. Rfd1 Bxa3
21. Bxa3 Rxb3 22. Ra1 Nb6 23. Rdb1 Rxb1+ 24. Rxb1 Rb8 25. Bc5 1-0

[Event "Madrid ch Veteranos 2324"]
[Site "Madrid ESP"]
[Date "2024.03.12"]
[Round "2.36"]
[White "Fernandez Rios, Jose Francisco"]
[Black "Vasquez Escobar, Andres Eloy"]
[Result "0-1"]
[WhiteElo "1770"]
[BlackElo "1626"]
[PlyCount "88"]
[EventDate "2024.03.11"]
[EventType "swiss"]
[EventRounds "9"]
[EventCountry "ESP"]
[SourceTitle "Ajedrez en Madrid"]
[Source "lmi"]
[SourceDate "2024.03.11"]
[SourceVersion "1"]
[SourceVersionDate "2024.03.23"]
[SourceQuality "1"]

1. d4 c5 2. d5 e5 3. c4 d6 4. e4 Nf6 5. Nc3 Be7 6. h3 Na6 7. Be2 Bd7 8. Nf3 Nc7
9. Be3 a6 10. a4 h6 11. O-O O-O 12. Nd2 Qc8 13. Kh2 Nh7 14. f4 exf4 15. Bxf4
Ne8 16. e5 dxe5 17. Bxe5 Bd6 18. Bxd6 Nxd6 19. Nce4 Qc7 20. Kh1 Rfe8 21. Bd3 f5
22. Nxd6 Qxd6 23. Qc2 g6 24. Rae1 Rxe1 25. Rxe1 Re8 26. Rxe8+ Bxe8 27. b3 Qg3
28. Nf3 Ng5 29. Nxg5 Qxg5 30. Qe2 Qc1+ 31. Kh2 Bf7 32. Qe5 Qd2 33. Be2 Qg5 34.
Bf3 Qd8 35. d6 b6 36. Qe7 Qxe7 37. dxe7 Be8 38. Kg3 Kg7 39. Kf4 Kf6 40. h4 g5+
41. hxg5+ hxg5+ 42. Ke3 Kxe7 43. g4 f4+ 44. Kd3 Bg6+ 0-1

[Event "Madrid ch Veteranos 2324"]
[Site "Madrid ESP"]
[Date "2024.03.12"]
[Round "2.37"]
[White "Benito Mellado, Humberto"]
[Black "Alberdi Garcia, Carlos Alfonso"]
[Result "0-1"]
[WhiteElo "1612"]
[BlackElo "1765"]
[PlyCount "40"]
[EventDate "2024.03.11"]
[EventType "swiss"]
[EventRounds "9"]
[EventCountry "ESP"]
[SourceTitle "Ajedrez en Madrid"]
[Source "lmi"]
[SourceDate "2024.03.11"]
[SourceVersion "1"]
[SourceVersionDate "2024.03.23"]
[SourceQuality "1"]

1. d4 Nf6 2. c4 e6 3. Nc3 Bb4 4. Qc2 c5 5. dxc5 O-O 6. Bd2 Bxc5 7. Ne4 Nxe4 8.
Qxe4 Nc6 9. e3 b6 10. Bd3 g6 11. a3 Bb7 12. Bb1 Na5 13. Qg4 Nb3 14. Ra2 Nxd2
15. Kxd2 Qf6 16. Nf3 d5 17. b4 Be7 18. Ke2 dxc4 19. Be4 h5 20. Qh3 Bxe4 0-1

[Event "Madrid ch Veteranos 2324"]
[Site "Madrid ESP"]
[Date "2024.03.12"]
[Round "2.38"]
[White "Jimenez Ascarza, Jose Ignacio"]
[Black "Lopez Manso, Jeronimo"]
[Result "0-1"]
[WhiteElo "1755"]
[BlackElo "1559"]
[PlyCount "139"]
[EventDate "2024.03.11"]
[EventType "swiss"]
[EventRounds "9"]
[EventCountry "ESP"]
[SourceTitle "Ajedrez en Madrid"]
[Source "lmi"]
[SourceDate "2024.03.11"]
[SourceVersion "1"]
[SourceVersionDate "2024.03.23"]
[SourceQuality "1"]

1. e4 Nf6 2. e5 Nd5 3. d4 d6 4. c4 Nb6 5. exd6 exd6 6. Nc3 a5 7. h3 Be7 8. Nf3
O-O 9. Bd3 Nc6 10. a3 Bf6 11. Be3 Ne7 12. Qc2 Ng6 13. O-O Be6 14. d5 Bd7 15.
Rad1 c6 16. Ne4 Be7 17. Neg5 cxd5 18. cxd5 Rc8 19. Qb3 Na4 20. Ne4 f5 21. Nc3
Nc5 22. Bxc5 Rxc5 23. Nd4 Qc8 24. Rfe1 Bf6 25. Ne6 Bxe6 26. dxe6 Kh8 27. Nd5
Be5 28. e7 Re8 29. Bb5 Rxe7 30. Nxe7 Nxe7 31. f4 Bf6 32. Rxd6 Rc1 33. Red1 Qc5+
34. Kh2 h6 35. Rd8+ Kh7 36. Rxc1 Qxc1 37. Bd3 Qxf4+ 38. Kg1 Qe3+ 39. Kf1 Bd4
40. Bxf5+ Nxf5 41. Qg8+ Kg6 42. Qe8+ Qxe8 43. Rxe8 Bxb2 44. Re6+ Kg5 45. Rb6
Bxa3 46. Rxb7 Bb4 47. Rb5 Kf4 48. Kf2 g5 49. g4 Ng7 50. Rb7 Bc3 51. Rf7+ Ke4
52. Re7+ Kd5 53. Rd7+ Kc4 54. Rc7+ Kb3 55. Ke2 a4 56. Kd3 Ba1 57. Rb7+ Ka2 58.
Kc2 h5 59. gxh5 Nxh5 60. Rb5 Nf4 61. Rxg5 Nxh3 62. Ra5 a3 63. Rf5 Ng1 64. Rf1
Ne2 65. Rf2 Nd4+ 66. Kd3+ Bb2 67. Rf8 Kb1 68. Rf1+ Bc1 69. Rf8 Nb3 70. Rb8 0-1

[Event "Madrid ch Veteranos 2324"]
[Site "Madrid ESP"]
[Date "2024.03.12"]
[Round "2.39"]
[White "Perales Hernandez, Manuel"]
[Black "Lopez Orellana, Federico"]
[Result "1-0"]
[WhiteElo "1594"]
[BlackElo "1752"]
[PlyCount "80"]
[EventDate "2024.03.11"]
[EventType "swiss"]
[EventRounds "9"]
[EventCountry "ESP"]
[SourceTitle "Ajedrez en Madrid"]
[Source "lmi"]
[SourceDate "2024.03.11"]
[SourceVersion "1"]
[SourceVersionDate "2024.03.23"]
[SourceQuality "1"]

1. e4 e6 2. d4 d5 3. e5 f6 4. Bf4 c5 5. c4 cxd4 6. Qxd4 Nc6 7. Qe3 Bb4+ 8. Nd2
d4 9. Qg3 g6 10. Bd3 Qe7 11. exf6 Bxd2+ 12. Bxd2 Qxf6 13. Nf3 Nge7 14. Bg5 Qg7
15. Qh4 Qf7 16. Nxd4 O-O 17. Nxc6 Nxc6 18. O-O e5 19. a3 Bf5 20. Rad1 Nd4 21.
Bxf5 Qxf5 22. Kh1 Rac8 23. c5 Rfe8 24. b4 Qe6 25. Be3 Nf5 26. Qe4 Qf7 27. Qd5
Re7 28. Qxf7+ Kxf7 29. Bg5 Rec7 30. Rfe1 Re8 31. g4 Nd4 32. Rd3 h5 33. f4 hxg4
34. Rxe5 Rxe5 35. fxe5 Nf3 36. Bf4 Ke6 37. Rd6+ Kf5 38. Bg3 Rh7 39. e6 Nxh2 40.
Rd7 Nf3+ 1-0

[Event "Madrid ch Veteranos 2324"]
[Site "Madrid ESP"]
[Date "2024.03.13"]
[Round "3.1"]
[White "Candela Perez, Jose"]
[Black "Alonso Abad, Enrique"]
[Result "1-0"]
[WhiteElo "2301"]
[BlackElo "1939"]
[PlyCount "137"]
[EventDate "2024.03.11"]
[EventType "swiss"]
[EventRounds "9"]
[EventCountry "ESP"]
[SourceTitle "Ajedrez en Madrid"]
[Source "lmi"]
[SourceDate "2024.03.11"]
[SourceVersion "1"]
[SourceVersionDate "2024.03.23"]
[SourceQuality "1"]

1. d4 d5 2. c4 c6 3. Nf3 dxc4 4. e3 Be6 5. Nbd2 Nf6 6. Nxc4 g6 7. b3 Bg7 8. Bd3
c5 9. Bb2 Nc6 10. dxc5 O-O 11. a3 Bxc4 12. Bxc4 Qa5+ 13. Nd2 Qxc5 14. b4 Qf5
15. Qe2 Rfd8 16. Nb3 Rac8 17. O-O Ne5 18. Bxe5 Qxe5 19. Rac1 Nd5 20. Qf3 e6 21.
Bxd5 Rxc1 22. Rxc1 Qxd5 23. Qxd5 Rxd5 24. Rc8+ Bf8 25. Kf1 b6 26. Nd4 Kg7 27.
Rc7 a5 28. Nxe6+ Kg8 29. Nxf8 Kxf8 30. Ke2 axb4 31. axb4 h5 32. Rc6 Rb5 33. Rc4
Ke7 34. Rd4 Ke6 35. Kd3 Rf5 36. f4 g5 37. g3 gxf4 38. exf4 Ke7 39. h3 Rf6 40.
Kc4 Rc6+ 41. Kb5 Rc3 42. Kxb6 Rxg3 43. h4 Rg4 44. b5 Rxh4 45. Kc7 Rh1 46. Rc4
Rd1 47. b6 Rd7+ 48. Kc8 Rd8+ 49. Kc7 Rd7+ 50. Kc6 Rd6+ 51. Kb5 Rd5+ 52. Ka6 Rd6
53. Ka7 h4 54. b7 Rd7 55. Kb6 Rxb7+ 56. Kxb7 Ke6 57. f5+ Kxf5 58. Rxh4 Ke5 59.
Kc6 f5 60. Kc5 f4 61. Kc4 Ke4 62. Rh8 Ke3 63. Re8+ Kd2 64. Rf8 Ke3 65. Kc3 f3
66. Re8+ Kf2 67. Kd2 Kg2 68. Rg8+ Kf2 69. Rf8 1-0

[Event "Madrid ch Veteranos 2324"]
[Site "Madrid ESP"]
[Date "2024.03.13"]
[Round "3.2"]
[White "Lorenzo Bailador, Alfredo"]
[Black "Longa Yauca, Javier"]
[Result "0-1"]
[WhiteElo "1935"]
[BlackElo "2238"]
[PlyCount "76"]
[EventDate "2024.03.11"]
[EventType "swiss"]
[EventRounds "9"]
[EventCountry "ESP"]
[SourceTitle "Ajedrez en Madrid"]
[Source "lmi"]
[SourceDate "2024.03.11"]
[SourceVersion "1"]
[SourceVersionDate "2024.03.23"]
[SourceQuality "1"]

1. e4 d6 2. Nf3 Nf6 3. d3 g6 4. c3 Bg7 5. Be2 O-O 6. O-O e5 7. Nbd2 Re8 8. Re1
Nc6 9. Nf1 h6 10. Qc2 Nh7 11. Ne3 f5 12. exf5 gxf5 13. Nd2 Kh8 14. Nef1 Be6 15.
Nb3 a5 16. a4 Rg8 17. f4 Nf6 18. Bf3 e4 19. Be2 Bf8 20. Kh1 Qe8 21. Be3 Qg6 22.
Ng3 h5 23. Nd4 Nxd4 24. Bxd4 h4 25. Bh5 Qh6 26. Nf1 Be7 27. Bd1 c5 28. Bxf6+
Bxf6 29. Qf2 d5 30. d4 cxd4 31. cxd4 Rac8 32. Be2 Rc2 33. Rec1 Rxb2 34. Rab1
Rxb1 35. Rxb1 Qg7 36. Rd1 Rc8 37. Qe1 Qc7 38. Ne3 Qxf4 0-1

[Event "Madrid ch Veteranos 2324"]
[Site "Madrid ESP"]
[Date "2024.03.13"]
[Round "3.3"]
[White "Grabuzova, Tatiana"]
[Black "Martin Martin, Luis Vicente"]
[Result "1/2-1/2"]
[WhiteElo "2216"]
[BlackElo "1938"]
[PlyCount "134"]
[EventDate "2024.03.11"]
[EventType "swiss"]
[EventRounds "9"]
[EventCountry "ESP"]
[SourceTitle "Ajedrez en Madrid"]
[Source "lmi"]
[SourceDate "2024.03.11"]
[SourceVersion "1"]
[SourceVersionDate "2024.03.23"]
[SourceQuality "1"]

1. Nf3 Nf6 2. g3 d5 3. Bg2 Bf5 4. d3 h6 5. c4 e6 6. Nd4 Bh7 7. cxd5 exd5 8. Qb3
b6 9. Qa4+ Qd7 10. Qxd7+ Kxd7 11. Nc3 Bc5 12. Nb3 Bb4 13. a3 Bxc3+ 14. bxc3 Re8
15. Be3 c5 16. c4 Nc6 17. cxd5 Ne5 18. h3 c4 19. dxc4 Nxc4 20. Bd4 Rac8 21.
Bxf6 gxf6 22. Nd4 Be4 23. O-O Bxg2 24. Kxg2 Rc5 25. Rfd1 Nd6 26. a4 Re5 27. e3
Rexd5 28. Nb5 Nxb5 29. Rxd5+ Rxd5 30. axb5 Rxb5 31. Rxa7+ Ke6 32. Ra8 Kf5 33.
Rg8 Rc5 34. g4+ Ke6 35. Rb8 Rb5 36. Rh8 h5 37. gxh5 Rg5+ 38. Kf3 b5 39. h6 Kf5
40. h7 Kg6 41. Rf8 Kxh7 42. Rxf7+ Kg6 43. Rb7 Rh5 44. Kg3 Rg5+ 45. Kh2 Rc5 46.
h4 Rc4 47. Kg3 b4 48. Rb5 Re4 49. h5+ Kh6 50. Rb6 Kg5 51. h6 Rg4+ 52. Kf3 Rh4
53. h7 Rh3+ 54. Ke4 Rxh7 55. f4+ Kg4 56. Rxf6 Re7+ 57. Kd4 Kf3 58. Rb6 Rxe3 59.
f5 Re4+ 60. Kd5 Rf4 61. f6 Kg4 62. Ke6 Kg5 63. f7 Kg6 64. Ke5+ Kg5 65. Ke6 Kg6
66. Rxb4 Rf6+ 67. Ke5 Rxf7 1/2-1/2

[Event "Madrid ch Veteranos 2324"]
[Site "Madrid ESP"]
[Date "2024.03.13"]
[Round "3.4"]
[White "Ruiz Bellon, Manuel"]
[Black "Barraza Caracuel, Ignacio"]
[Result "1/2-1/2"]
[WhiteElo "1932"]
[BlackElo "2049"]
[PlyCount "30"]
[EventDate "2024.03.11"]
[EventType "swiss"]
[EventRounds "9"]
[EventCountry "ESP"]
[SourceTitle "Ajedrez en Madrid"]
[Source "lmi"]
[SourceDate "2024.03.11"]
[SourceVersion "1"]
[SourceVersionDate "2024.03.23"]
[SourceQuality "1"]

1. e4 e5 2. Nf3 Nc6 3. Bb5 a6 4. Bxc6 dxc6 5. O-O Qd6 6. d4 exd4 7. Qxd4 Bg4 8.
Qe3 Qc5 9. Nc3 Qxe3 10. Bxe3 Bxf3 11. gxf3 Bd6 12. f4 f6 13. Rfd1 Nh6 14. f3
Nf7 15. Kf2 O-O-O 1/2-1/2

[Event "Madrid ch Veteranos 2324"]
[Site "Madrid ESP"]
[Date "2024.03.13"]
[Round "3.6"]
[White "Unciti Juan, Javier"]
[Black "Vazquez Gonzalez, Francisco"]
[Result "0-1"]
[WhiteElo "1959"]
[BlackElo "1918"]
[PlyCount "86"]
[EventDate "2024.03.11"]
[EventType "swiss"]
[EventRounds "9"]
[EventCountry "ESP"]
[SourceTitle "Ajedrez en Madrid"]
[Source "lmi"]
[SourceDate "2024.03.11"]
[SourceVersion "1"]
[SourceVersionDate "2024.03.23"]
[SourceQuality "1"]

1. e4 e5 2. f4 exf4 3. Nf3 d6 4. Nc3 Nc6 5. d4 g5 6. g3 g4 7. Nh4 f3 8. Be3 Be7
9. Qd2 Bxh4 10. gxh4 Qxh4+ 11. Bf2 Qh6 12. Qxh6 Nxh6 13. Nd5 Kd7 14. O-O-O Ne7
15. Nf6+ Kd8 16. Rg1 Ng6 17. Be3 Ng8 18. Nxg4 f5 19. Bg5+ Ke8 20. exf5 Bxf5 21.
Bd3 N8e7 22. Rge1 Bxg4 23. Bxg6+ hxg6 24. Rxe7+ Kf8 25. h4 Re8 26. Rxe8+ Kxe8
27. Re1+ Kd7 28. Kd2 Rf8 29. Rf1 Re8 30. Be3 Re4 31. Rf2 Bh5 32. Bg5 Rxd4+ 33.
Ke3 Rd1 34. c3 Ke6 35. Kf4 Re1 36. Kg3 Kf5 37. Bd8 c6 38. Bc7 d5 39. Bb8 a6 40.
Ba7 Ke4 41. b4 Rg1+ 42. Kh2 Rc1 43. Bd4 b6 0-1

[Event "Madrid ch Veteranos 2324"]
[Site "Madrid ESP"]
[Date "2024.03.13"]
[Round "3.7"]
[White "Sanchez Peral, Pedro"]
[Black "Pastor Alonso De Prado, Alberto"]
[Result "0-1"]
[WhiteElo "1875"]
[BlackElo "1951"]
[PlyCount "102"]
[EventDate "2024.03.11"]
[EventType "swiss"]
[EventRounds "9"]
[EventCountry "ESP"]
[SourceTitle "Ajedrez en Madrid"]
[Source "lmi"]
[SourceDate "2024.03.11"]
[SourceVersion "1"]
[SourceVersionDate "2024.03.23"]
[SourceQuality "1"]

1. e4 e5 2. Nf3 Nc6 3. Bb5 d6 4. d4 Bd7 5. Nc3 Nf6 6. Bg5 Be7 7. O-O exd4 8.
Nxd4 O-O 9. Re1 Re8 10. h3 Nxe4 11. Bxe7 Nxc3 12. Bxd8 Nxd1 13. Rxe8+ Bxe8 14.
Bxc6 bxc6 15. Bxc7 Nxb2 16. Bxd6 Bd7 17. Rb1 Nc4 18. Bc5 Nb6 19. Bxb6 Rb8 20.
Rd1 axb6 21. Nb3 Be6 22. Rd6 c5 23. a4 Kf8 24. a5 Bxb3 25. cxb3 bxa5 26. Ra6
Rxb3 27. Rxa5 Rb1+ 28. Kh2 Rc1 29. Kg3 Ke7 30. Ra6 Rd1 31. Kf3 Rd6 32. Ra5 Rc6
33. Ke3 Ke6 34. Kd3 Kd5 35. Ra7 Rf6 36. f3 h5 37. Rd7+ Kc6 38. Ra7 h4 39. Kc4
Rf4+ 40. Kc3 g6 41. Ra6+ Kd5 42. Ra7 Rf5 43. Ra6 Ke5 44. Ra4 Rf4 45. Ra5 Kd5
46. Ra6 Rc4+ 47. Kd3 Rb4 48. Kc3 Rb7 49. Ra4 g5 50. Rg4 f6 51. f4 Rb4 0-1

[Event "Madrid ch Veteranos 2324"]
[Site "Madrid ESP"]
[Date "2024.03.13"]
[Round "3.8"]
[White "Prada Lopez, Miguel Angel"]
[Black "Pashov, Spas Nikolov"]
[Result "0-1"]
[WhiteElo "2048"]
[BlackElo "1881"]
[PlyCount "88"]
[EventDate "2024.03.11"]
[EventType "swiss"]
[EventRounds "9"]
[EventCountry "ESP"]
[SourceTitle "Ajedrez en Madrid"]
[Source "lmi"]
[SourceDate "2024.03.11"]
[SourceVersion "1"]
[SourceVersionDate "2024.03.23"]
[SourceQuality "1"]

1. b3 e5 2. Bb2 Nc6 3. e3 d5 4. Bb5 Bd6 5. c4 Nf6 6. Nf3 Bg4 7. Qc2 Bxf3 8.
gxf3 O-O 9. Bxc6 bxc6 10. c5 Be7 11. Bxe5 Nd7 12. Bd4 Bf6 13. Qc3 Bxd4 14. Qxd4
Qe7 15. Rg1 f5 16. b4 f4 17. e4 a5 18. b5 Nxc5 19. Nc3 dxe4 20. fxe4 cxb5 21.
Nd5 Qxe4+ 22. Qxe4 Nxe4 23. f3 Nxd2 24. Ne7+ Kf7 25. Kxd2 Kxe7 26. Rxg7+ Rf7
27. Re1+ Kf8 28. Rxf7+ Kxf7 29. Re5 c6 30. Rf5+ Ke6 31. Rxf4 Rg8 32. Re4+ Kd5
33. Re2 c5 34. Kc2 c4 35. Rd2+ Kc5 36. Rf2 b4 37. f4 Kd4 38. f5 Ke5 39. f6 Rf8
40. f7 Ke6 41. Rf4 c3 42. Re4+ Kxf7 43. a3 Rb8 44. Re5 b3+ 0-1

[Event "Madrid ch Veteranos 2324"]
[Site "Madrid ESP"]
[Date "2024.03.13"]
[Round "3.9"]
[White "Sanchez Garcia, Aurelio"]
[Black "Herrero Reques, Sergio"]
[Result "1/2-1/2"]
[WhiteElo "1951"]
[BlackElo "2008"]
[PlyCount "71"]
[EventDate "2024.03.11"]
[EventType "swiss"]
[EventRounds "9"]
[EventCountry "ESP"]
[SourceTitle "Ajedrez en Madrid"]
[Source "lmi"]
[SourceDate "2024.03.11"]
[SourceVersion "1"]
[SourceVersionDate "2024.03.23"]
[SourceQuality "1"]

1. Nf3 Nf6 2. c4 e6 3. e3 d5 4. Nc3 Bd6 5. b3 O-O 6. Bb2 Nbd7 7. g3 b6 8. Bg2
Bb7 9. O-O a6 10. Qe2 Qe7 11. Rad1 c5 12. cxd5 Nxd5 13. Nxd5 Bxd5 14. d4 Rfd8
15. dxc5 Nxc5 16. Ne5 Bxg2 17. Kxg2 Qb7+ 18. Qf3 Rac8 19. Nc4 Qxf3+ 20. Kxf3
Bc7 21. Bd4 Nd7 22. e4 b5 23. Ne3 Ne5+ 24. Bxe5 Bxe5 25. Rxd8+ Rxd8 26. Rd1
Rxd1 27. Nxd1 Kf8 28. Ke3 Ke7 29. Kd3 g5 30. h3 Kd6 31. Ne3 h5 32. g4 hxg4 33.
hxg4 Kc5 34. Nc2 a5 35. Ke3 a4 36. Kd3 1/2-1/2